000 00559nam a2200193Ia 4500
005 20250923145831.0
008 008 250917s9999 xx 000 0 eng d
037 _aTextual
040 _aDSWL
_beng
_cDSWL
041 _aeng
_2eng
084 _qDSWL
100 _aRaja, D.V.P.
_9839399
245 0 _aCurriculum content for De-addication counselling
_c by D.V.P. Raja
260 _aNew Delhi
_bMinistry of Social Welface, Govt. of India
_c1989
300 _a44p.
700 _a H.Y. Siddiqui
_9839400
942 _cTEXL
999 _c1456267
_d1456267